Základy riadenia kurz

Salvato in:
Dettagli Bibliografici
Autore principale: Svatuška, Ladislav
Altri autori: Kolář, Pavel
Natura: Libro
Lingua:slovacco
Pubblicazione: Bratislava Dom techniky ČSVTS 1986
Tags: Aggiungi Tag
Nessun Tag, puoi essere il primo ad aggiungerne!!

MARC

LEADER 00000nam a2200000 4500
001 c105313
005 20041019155134.2
041 0 |a slo 
044 |a SK 
245 1 0 |a Základy riadenia  |b kurz  |c Ladislav Svatuška, Pavel Kolář 
264 1 |a Bratislava  |b Dom techniky ČSVTS  |c 1986 
300 |a 64 s. 
100 1 |a Svatuška, Ladislav 
700 1 |a Kolář, Pavel